000 00379cam a22001337a 4500
008 180718b1969 xxu||||| |||| 00| 0 eng d
082 _aP9517 D289p
100 _aDavinson, D.E.
245 _aThe Periodicals collection: its purpose and uses in libraries
_cby D.E. Davinson
260 _aLondon
_bAndre Deutsch
_c1969
300 _a212p.
500 _a42/-
650 _aPeriodicals
999 _c363730
_d363730